| 000 | 00735nam a2200217Ia 4500 | ||
|---|---|---|---|
| 003 | GCL | ||
| 008 | 140319s9999 xx 000 0 ara d | ||
| 040 |
_aGCL / _cGCL |
||
| 082 | 0 | 4 |
_a817.008 _bج ا |
| 100 | 1 | _aهيكل رعيدى | |
| 245 | 1 | 0 |
_aاحلى طرائف ونوادر الاعراب والبخلاء والطيفيلين / _cهيكل رعيدى |
| 700 | 1 | _aاميلى يعقوب كرم | |
| 260 |
_a[S.N] : _bجروس برس ، _c1993 |
||
| 490 |
_aاحلى الطرائف والنوادر _v0 |
||
| 650 | 0 | 4 | _aالادب العربى |
| 650 | 0 | 4 | _aالاهاجى والفكاهات |
| 650 | 0 | 4 | _aالنوادرالعربية |
| 650 | 0 | 4 | _aالرقيق |
| 650 | 0 | 4 | _aالمرأة فى الادب |
| 942 |
_2ddc _cBK |
||
| 999 |
_c31147 _d31147 |
||